000 00504nam a2200181Ia 4500
001 18877
005 20260306171703.0
008 260306s9999||||xx |||||||||||||| ||und||
041 _aESP
082 _a658.515
_bC92
100 _aCruelles, José Agustín
_eAUT
245 0 _aDespilfarro cero:
_bla mejora continua a partir de la medición y la reducción del despilfarro
260 _c2013
300 _axiii, 196 páginas :
_c23 cm.
650 _aGEN
654 _aCAN
942 _cLIB
_dJUS
_fJUS
_2ddc
_n
999 _c18877
_d18877